Practicing archaeology: a manual for cultural resurces archaeology (Record no. 1227035)

MARC details
000 -LEADER
fixed length control field 00780nam a2200229Ia 4500
005 - DATE AND TIME OF LATEST TRANSACTION
control field 20241129110025.0
008 - FIXED-LENGTH DATA ELEMENTS--GENERAL INFORMATION
fixed length control field 241129s9999||||xx |||||||||||||| ||und||
020 ## - INTERNATIONAL STANDARD BOOK NUMBER
International Standard Book Number 978-1-5381-5938-5
037 ## - SOURCE OF ACQUISITION
Stock number TB
040 ## - CATALOGING SOURCE
Original cataloging agency ARTS
Language of cataloging eng
Transcribing agency ARTS
041 ## - LANGUAGE CODE
Language code of text/sound track or separate title eng
Source of code eng
084 ## - COLON CLASSIFICATION NUMBER
Classification number V73:71 R2
Assigning agency ARTS
100 ## - MAIN ENTRY--PERSONAL NAME
Personal name Neumann Thomas W. Au.; Sanford Robert M. Au.; Neumann Mary Spink Au.
9 (RLIN) 726928
245 #0 - TITLE STATEMENT
Title Practicing archaeology: a manual for cultural resurces archaeology
Statement of responsibility, etc. Neumann Thomas W. Au.; Sanford Robert M. Au.; Neumann Mary Spink Au.
250 ## - EDITION STATEMENT
Edition statement 3rd
260 ## - PUBLICATION, DISTRIBUTION, ETC.
Place of publication, distribution, etc. Maryland
Name of publisher, distributor, etc. Lanham Rowman & Littlefield
Date of publication, distribution, etc. 2023
300 ## - PHYSICAL DESCRIPTION
Extent xix,476p.
365 ## - TRADE PRICE
Price type code UKP
Price amount 58
650 ## - SUBJECT ADDED ENTRY--TOPICAL TERM
Topical term or geographic name entry element America-HistoryArcheology
9 (RLIN) 726929
942 ## - ADDED ENTRY ELEMENTS (KOHA)
Koha item type Textbook
Classification part V73:71 R2
Holdings
Withdrawn status Lost status Damaged status Not for loan Home library Current library Date acquired Source of acquisition Cost, normal purchase price Inventory number Total Checkouts Full call number Barcode Date last seen Price effective from Koha item type
        Arts Library Arts Library 2024-11-29 Excel Media 58.00 6278 & 12/12/2023   V73:71 R2 AL1803068 2024-11-29 2024-11-29 Textbook
Copyright @ Delhi University Library System